Online katalóg knižníc regiónu Turca

Zbierame huby (Record no. 20245)

MARC details
000 -LEADER
fixed length control field 00973nam a2200277 a 4500
001 - CONTROL NUMBER
control field 20245
003 - CONTROL NUMBER IDENTIFIER
control field VRT
005 - DATE AND TIME OF LATEST TRANSACTION
control field 20260120110035.0
008 - FIXED-LENGTH DATA ELEMENTS--GENERAL INFORMATION
fixed length control field 240318s1966 xx 0 und c
035 ## - SYSTEM CONTROL NUMBER
System control number SNK000223032
039 #9 - LEVEL OF BIBLIOGRAPHIC CONTROL AND CODING DETAIL [OBSOLETE]
Level of rules in bibliographic description 202403181643
Level of effort used to assign nonsubject heading access points VLOAD
Level of effort used to assign subject headings 202109282024
Level of effort used to assign classification VLOAD
Level of effort used to assign subject headings 202109162258
Level of effort used to assign classification VLOAD
Level of effort used to assign subject headings 201110191313
Level of effort used to assign classification msnmk02
040 ## - CATALOGING SOURCE
Original cataloging agency SNK
Language of cataloging slo
Transcribing agency SNK
Description conventions AACR2
100 1# - MAIN ENTRY--PERSONAL NAME
Personal name Zvara, Milan
Relationship aut
245 10 - TITLE STATEMENT
Title Zbierame huby
Remainder of title atlas vybraných jedlých a jedovatých húb
260 ## - PUBLICATION, DISTRIBUTION, ETC.
Place of publication, distribution, etc. Bratislava
Name of publisher, distributor, etc. Slovenské vydavateľstvo pôdohospodárskej literatúry
Date of publication, distribution, etc. 1966
300 ## - PHYSICAL DESCRIPTION
Extent 188 s.
700 1# - ADDED ENTRY--PERSONAL NAME
Personal name Zvarová, Mira
Relationship aut
910 ## - USER-OPTION DATA (OCLC)
User-option data snmk
942 ## - ADDED ENTRY ELEMENTS (KOHA)
Source of classification or shelving scheme Dewey Decimal Classification
Koha item type Odborná literatúra pre dospelých
Suppress in OPAC No
949 ## - LOCAL PROCESSING INFORMATION (OCLC)
6 273K0347180
a svkpoA 59948
b svkpo138818
949 ## - LOCAL PROCESSING INFORMATION (OCLC)
6 49505A00468
a lmsmopaj582.28
b lmsmopaj16455
949 ## - LOCAL PROCESSING INFORMATION (OCLC)
6 0133058261
a snmk
b snmk58261
949 ## - LOCAL PROCESSING INFORMATION (OCLC)
6 17A0796639
a snkSD 29357
949 ## - LOCAL PROCESSING INFORMATION (OCLC)
6 17A0031127
9 P60, <04>, [BOOK], {604}
a snkSD 29357 D1
Holdings
Stav vyradenia Strata Poškodenie Spôsob nadobudnutia Domovská knižnica Aktuálna knižnica Dátum nadobudnutia Total checkouts Čiarový kód exemplára Date last seen Typ exemplára
      Dar Obecná knižnica Horná Štubňa Obecná knižnica Horná Štubňa 20.01.2026   4736200261 20.01.2026 Odborná literatúra pre dospelých
Projekt je podporený Slovenskou asociáciou knižníc
Prevádzkuje Turčianska knižnica Martin 2026